000 01038nam a22002777a 4500
003 DO-SdBNP
005 20220531084017.0
007 ta
008 210518e2018 dr co|grr||| 00| 0 spa d
020 _a9789945895995
040 _aDO-SdBNP
_bspa
_cBNPHU
041 _hspa
082 _bF363p
_a363.75
100 1 _911384
_aFernández, Felix
245 1 3 _aParque cementerio Puerta del Cielo :
_bun espacio de memorias y valores patrimoniales /
_cFelix Fernández, Norma Rivera de Vargas; fotografías, Ricardo Briones
260 _aSanto Domingo:
_bAmigo del Hogar,
_c2018
300 _a138 p.
_bil., fots., retrs.;
_c29 cm
590 _aInventariado, 2021/MFF
610 2 4 _aParque Cementerio Puerta del Cielo (República Dominicana)
_978994
650 4 _aCementerios
_zRepública Dominicana
_978995
650 4 _a Cementerios
_xArquitectura del paisaje
_978996
700 1 _aRivera de Vargas, Norma
_978608
700 1 2 _aBriones, Ricardo,
_efotografías
_929826
910 _aValidado. Control de calidad MFF
942 _2ddc
_cLBS1
999 _c49821
_d49821